पि›ल और भारत का छन्द (Record no. 1013456)

MARC details
000 -LEADER
fixed length control field 00964nam a2200241Ia 4500
003 - CONTROL NUMBER IDENTIFIER
control field OSt
005 - DATE AND TIME OF LATEST TRANSACTION
control field 20251003105835.0
008 - FIXED-LENGTH DATA ELEMENTS--GENERAL INFORMATION
fixed length control field 221004b |||||||| |||| 00| 0 san d
020 ## - INTERNATIONAL STANDARD BOOK NUMBER
International Standard Book Number 9789385539022 (hbk)
037 ## - SOURCE OF ACQUISITION
Terms of availability TB
040 ## - CATALOGING SOURCE
Original cataloging agency CRL
Transcribing agency CRL
Language of cataloging HIN
041 ## - LANGUAGE CODE
Source of code HIN
Language code of text/sound track or separate title HIN
084 ## - COLON CLASSIFICATION NUMBER
Classification number P:75 152Q9
Assigning agency CRL
100 ## - MAIN ENTRY--PERSONAL NAME
Personal name मीणा, टेकचन्द, ले.
9 (RLIN) 820853
245 #0 - TITLE STATEMENT
Title पि›ल और भारत का छन्द
Remainder of title शास्त्र
246 ## - VARYING FORM OF TITLE
Title proper/short title Pi›l aur bhārat kā chhanda: shāstra
260 ## - PUBLICATION, DISTRIBUTION, ETC.
Place of publication, distribution, etc. दिल्ली
Name of publisher, distributor, etc. विद्यानिधि प्रकाशन भारत
Date of publication, distribution, etc. 2019
300 ## - PHYSICAL DESCRIPTION
Extent 173पृ0
Dimensions cm.
650 ## - SUBJECT ADDED ENTRY--TOPICAL TERM
Topical term or geographic name entry element संस्कृत साहित्य
9 (RLIN) 820854
650 ## - SUBJECT ADDED ENTRY--TOPICAL TERM
Topical term or geographic name entry element संस्कृत कविता
9 (RLIN) 820855
942 ## - ADDED ENTRY ELEMENTS (KOHA)
Classification part P:75 152Q9
Koha item type Textbook
Source of classification or shelving scheme
Suppress in OPAC No
Holdings
Withdrawn status Lost status Damaged status Not for loan Home library Current library Date acquired Source of acquisition Total Checkouts Full call number Barcode Date last seen Price effective from Koha item type Public note
        Central Library Central Library 2022-10-05 287, 20/01/2020, Vidyanidhi Prakashan   P15,1:g(P:75) Q9 CL1662096 2022-10-05 2022-10-05 Textual Translated from Sanskrit to Hindi
Copyright @ Delhi University Library System